[Event "IECC CL0-2016.00 email"]
[Site "IECC email"]
[Date "2016.03.30"]
[Round "?"]
[White "Hynd, William"]
[Black "Shim Ng Min, Francis"]
[Result "0-1"]
[WhiteElo "1045"]
[BlackElo "1243"]
[PlyCount "36"]
[EventDate "2016.03.13"]
[EventType "tourn (corr)"]
[EventRounds "4"]
[SourceTitle "Corr 2022"]
[Source "ChessBase"]
[SourceDate "2021.10.24"]
[SourceVersion "1"]
[SourceVersionDate "2021.10.24"]
[SourceQuality "1"]

1. c4 Nf6 2. g3 c5 3. Bg2 Nc6 4. Nc3 e5 5. e3 Be7 6. Nge2 0-0 7. 0-0 d6 8. d3 Bd7 9. d4 exd4 10. exd4 cxd4 11. Nxd4 Qc8 12. b3 Nxd4 13. Qxd4 Bh3 14. Bb2 Bxg2 15. Kxg2 Qg4 16. Qd3 Nh5 17. Rae1 Nf4+ 18. Kg1 Nxd3 0-1

[Event "ZL-2016-0-01882"]
[Site "LSS email"]
[Date "2016.03.30"]
[Round "?"]
[White "Hynd, William"]
[Black "Soydan, Ferhat"]
[Result "1/2-1/2"]
[WhiteElo "1035"]
[BlackElo "800"]
[PlyCount "69"]
[EventDate "2016.03.20"]
[EventType "match (corr)"]
[EventRounds "2"]
[EventCountry "GER"]
[SourceTitle "Corr 2022"]
[Source "ChessBase"]
[SourceDate "2021.10.24"]
[SourceVersion "1"]
[SourceVersionDate "2021.10.24"]
[SourceQuality "1"]

1. e4 c6 2. d4 d5 3. Nc3 dxe4 4. Nxe4 Nd7 5. Nf3 Ngf6 6. Bd3 Nxe4 7. Bxe4 Nf6 8. Bd3 Bg4 9. 0-0 e6 10. c3 Be7 11. Re1 0-0 12. h3 Bxf3 13. Qxf3 Qd5 14. Qe2 Rfd8 15. Bc4 Qd6 16. Qf3 Rac8 17. Bf4 Qd7 18. Rad1 Nd5 19. Bc1 c5 20. dxc5 Rxc5 21. Bb3 Qc7 22. c4 Nb6 23. Bf4 Bd6 24. Be3 Rf5 25. Qe2 g6 26. Bc2 Re5 27. Rxd6 Rxd6 28. b3 Qd7 29. c5 Rxe3 30. Qxe3 Nd5 31. Qe5 Rc6 32. Be4 Rxc5 33. Rd1 b5 34. Qb8+ Kg7 35. Qe5+ 1/2-1/2

[Event "RF-2016-0-00299"]
[Site "LSS email"]
[Date "2016.03.19"]
[Round "?"]
[White "Hynd, William"]
[Black "Raines, David T"]
[Result "1-0"]
[WhiteElo "1048"]
[BlackElo "1154"]
[PlyCount "45"]
[EventDate "2016.03.05"]
[EventType "tourn (corr)"]
[EventRounds "6"]
[EventCountry "GER"]
[SourceTitle "Corr 2022"]
[Source "ChessBase"]
[SourceDate "2021.10.24"]
[SourceVersion "1"]
[SourceVersionDate "2021.10.24"]
[SourceQuality "1"]

1. c4 Nf6 2. Nc3 e6 3. Nf3 b6 4. g3 Bb7 5. Bg2 Be7 6. 0-0 0-0 7. d4 d5 8. b3 Nbd7 9. Bb2 c5 10. cxd5 exd5 11. dxc5 Nxc5 12. Nd4 Rc8 13. Bh3 Nce4 14. Bxc8 Nxc3 15. Bxc3 Qxc8 16. Rc1 Ba3 17. Bb2 Bc5 18. b4 Qh3 19. bxc5 bxc5 20. Nf3 Ng4 21. Rxc5 d4 22. Qxd4 Bxf3 23. Qxg7# 1-0

[Event "RF-2016-0-00293"]
[Site "LSS email"]
[Date "2016.03.01"]
[Round "?"]
[White "Raines, David T"]
[Black "Hynd, William"]
[Result "0-1"]
[WhiteElo "1188"]
[BlackElo "1041"]
[PlyCount "94"]
[EventDate "2016.02.18"]
[EventType "tourn (corr)"]
[EventRounds "6"]
[EventCountry "GER"]
[SourceTitle "Corr 2022"]
[Source "ChessBase"]
[SourceDate "2021.10.24"]
[SourceVersion "1"]
[SourceVersionDate "2021.10.24"]
[SourceQuality "1"]

1. d4 d5 2. g3 Bf5 3. Bg2 e6 4. Nf3 c5 5. c3 Nc6 6. 0-0 Qb6 7. Qb3 Qxb3 8. axb3 cxd4 9. Nxd4 Nxd4 10. cxd4 Bd6 11. Bd2 Bc2 12. b4 Ne7 13. Na3 Bb3 14. Nb5 Kd7 15. Nxd6 Kxd6 16. Rfc1 Nc6 17. Bc3 a6 18. Ra3 Bc4 19. e4 Rhe8 20. e5+ Kd7 21. Bf1 Rec8 22. Rca1 Na7 23. Ra5 Nb5 24. Rc1 b6 25. Raa1 Bxf1 26. Kxf1 Rc4 27. Ke2 f6 28. exf6 gxf6 29. Kd3 Kd6 30. f4 Kc7 31. Re1 Kd6 32. Rac1 Rac8 33. f5 Nxd4 34. fxe6 Nxe6 35. Ra1 d4 36. Bd2 Rc2 37. Rxa6 R2c6 38. b5 Nc5+ 39. Kxd4 Nxa6 40. bxc6 Rxc6 41. Bc3 b5 42. Kd3 Nc5+ 43. Ke3 Ke6 44. Kf4+ Kf7 45. Kf5 Nd3 46. Rd1 Rc5+ 47. Kg4 Nf2+ 0-1

[Event "RF-2016-0-00293"]
[Site "LSS email"]
[Date "2016.03.01"]
[Round "?"]
[White "Slavin, Pablo"]
[Black "Hynd, William"]
[Result "1/2-1/2"]
[WhiteElo "1339"]
[BlackElo "1041"]
[PlyCount "99"]
[EventDate "2016.02.18"]
[EventType "tourn (corr)"]
[EventRounds "6"]
[EventCountry "GER"]
[SourceTitle "Corr 2022"]
[Source "ChessBase"]
[SourceDate "2021.10.24"]
[SourceVersion "1"]
[SourceVersionDate "2021.10.24"]
[SourceQuality "1"]

1. e4 c6 2. d4 d5 3. e5 Bf5 4. Nf3 e6 5. Be2 c5 6. 0-0 Nc6 7. c3 Qb6 8. a3 c4 9. Nbd2 Nge7 10. Re1 Qc7 11. Nf1 Na5 12. Ne3 Nb3 13. Nxf5 Nxf5 14. Rb1 f6 15. Bf4 Be7 16. Bf1 g5 17. Bg3 Nxg3 18. hxg3 f5 19. Nxg5 Bxg5 20. Qh5+ Qf7 21. Qxg5 Kd7 22. Be2 h5 23. Qh4 Rag8 24. Rbd1 Qe7 25. Qxe7+ Kxe7 26. f3 Rxg3 27. Kf2 h4 28. Rh1 f4 29. Rh2 Rg5 30. Rdh1 Rhg8 31. Bd1 Na5 32. Be2 Nb3 33. Bf1 Nd2 34. Rxh4 Nxf1 35. Kxf1 Rxg2 36. Rh7+ R2g7 37. Rxg7+ Rxg7 38. Rh4 Rf7 39. Rh6 Kd7 40. Kg2 Rg7+ 41. Kh2 a6 42. Rf6 Rh7+ 43. Kg2 Rh4 44. Rg6 Rh7 45. Rg4 Rf7 46. Kh3 Rh7+ 47. Rh4 Rf7 48. Rh6 Rg7 49. Kh2 Rf7 50. Rg6 1/2-1/2

[Event "OP-2016-0-03953"]
[Site "LSS email"]
[Date "2016.02.11"]
[Round "?"]
[White "Devies, Stefaan"]
[Black "Hynd, William"]
[Result "1-0"]
[WhiteElo "955"]
[BlackElo "1037"]
[PlyCount "87"]
[EventDate "2016.02.06"]
[EventType "tourn (corr)"]
[EventRounds "4"]
[EventCountry "GER"]
[SourceTitle "Corr 2022"]
[Source "ChessBase"]
[SourceDate "2021.10.24"]
[SourceVersion "1"]
[SourceVersionDate "2021.10.24"]
[SourceQuality "1"]

1. Nf3 Nf6 2. e3 c5 3. c4 Nc6 4. Nc3 e6 5. d3 b6 6. b3 Bb7 7. Nd2 d5 8. f3 g6 9. Bb2 Bg7 10. Rb1 0-0 11. Be2 Qe7 12. Qc1 d4 13. exd4 Nxd4 14. Nce4 Nxe4 15. dxe4 Nxe2 16. Kxe2 Bxb2 17. Qxb2 Qg5 18. Kf2 Rad8 19. Rhd1 Rd3 20. Qc2 Qe3+ 21. Kg3 Rfd8 22. Nf1 Qg5+ 23. Kf2 Bxe4 24. fxe4 Qf4+ 25. Kg1 Qxe4 26. Rxd3 Rxd3 27. Kh1 Qd4 28. h3 Qe4 29. Ng3 Qd4 30. Ne2 Qe4 31. Ng3 Qd4 32. Ne2 Qd6 33. Rb2 Rd1+ 34. Ng1 Qd4 35. Qf2 Qd3 36. g3 Rf1 37. Qg2 Qd1 38. Kh2 Qc1 39. Rf2 Rd1 40. Nf3 f6 41. Ne5 Kg7 42. Qb7+ Kh6 43. Nf7+ Kh5 44. Qf3# 1-0

[Event "OP-2016-0-03953"]
[Site "LSS email"]
[Date "2016.02.11"]
[Round "?"]
[White "Hynd, William"]
[Black "Skuza, Grzegorz"]
[Result "1-0"]
[WhiteElo "1037"]
[BlackElo "800"]
[PlyCount "21"]
[EventDate "2016.02.06"]
[EventType "tourn (corr)"]
[EventRounds "4"]
[EventCountry "GER"]
[SourceTitle "Corr 2022"]
[Source "ChessBase"]
[SourceDate "2021.10.24"]
[SourceVersion "1"]
[SourceVersionDate "2021.10.24"]
[SourceQuality "1"]

1. e4 d5 2. exd5 Qxd5 3. Nc3 Qe5+ 4. Be2 Nc6 5. Nf3 Qf6 6. d4 e6 7. Bg5 Qf5 8. Bd3 Qa5 9. Bd2 e5 10. 0-0 Bg4 11. Re1 1-0

[Event "RF-2016-0-00283"]
[Site "LSS email"]
[Date "2016.01.29"]
[Round "?"]
[White "Hynd, William"]
[Black "Barros Uriburu, Nicolas"]
[Result "1-0"]
[WhiteElo "1075"]
[BlackElo "1205"]
[PlyCount "69"]
[EventDate "2016.01.11"]
[EventType "tourn (corr)"]
[EventRounds "6"]
[EventCountry "GER"]
[SourceTitle "Corr 2022"]
[Source "ChessBase"]
[SourceDate "2021.10.24"]
[SourceVersion "1"]
[SourceVersionDate "2021.10.24"]
[SourceQuality "1"]

1. e4 c5 2. Nf3 d6 3. Bb5+ Bd7 4. Bxd7+ Nxd7 5. 0-0 e6 6. d4 cxd4 7. Nxd4 Ngf6 8. Nc3 a6 9. Bg5 Rc8 10. Re1 Be7 11. Qe2 0-0 12. f4 h6 13. Bh4 Nc5 14. Rad1 Qb6 15. e5 dxe5 16. fxe5 g5 17. exf6 Bxf6 18. Bf2 Rfd8 19. Nb3 Kg7 20. Nxc5 Rxc5 21. Bxc5 Qxc5+ 22. Kh1 Rxd1 23. Rxd1 Qb6 24. Ne4 Bxb2 25. Rb1 Qd4 26. Rd1 Qe5 27. Qd3 b5 28. Ng3 g4 29. Nf1 Qf4 30. Ng3 Qg5 31. Qd2 Qxd2 32. Rxd2 Be5 33. Ne4 f5 34. Nc5 Kf6 35. Nd7+ 1-0

[Event "RF-2016-0-00283"]
[Site "LSS email"]
[Date "2016.01.26"]
[Round "?"]
[White "Shim Ng Min, Francis"]
[Black "Hynd, William"]
[Result "1-0"]
[WhiteElo "1211"]
[BlackElo "1075"]
[PlyCount "65"]
[EventDate "2016.01.11"]
[EventType "tourn (corr)"]
[EventRounds "6"]
[EventCountry "GER"]
[SourceTitle "Corr 2022"]
[Source "ChessBase"]
[SourceDate "2021.10.24"]
[SourceVersion "1"]
[SourceVersionDate "2021.10.24"]
[SourceQuality "1"]

1. e4 c6 2. Nc3 d5 3. Nf3 Bg4 4. h3 Bh5 5. g4 Bg6 6. exd5 cxd5 7. Bb5+ Nc6 8. Ne5 Rc8 9. d4 e6 10. h4 h6 11. Nxg6 fxg6 12. Qd3 Qf6 13. Bd2 Bd6 14. 0-0-0 Nge7 15. Rdf1 0-0 16. Bxc6 Nxc6 17. Be3 Bf4 18. Kb1 Nb4 19. Qd2 Bd6 20. f4 Rc7 21. g5 Qf5 22. gxh6 gxh6 23. a3 Nc6 24. Nb5 Rd7 25. Nxd6 Rxd6 26. Rfg1 Kh7 27. h5 Rf6 28. Qg2 Ne7 29. hxg6+ Rxg6 30. Qh2 Ng8 31. Rxg6 Qxg6 32. Rg1 Qe4 33. Qg3 1-0

[Event "OP-2016-0-03930"]
[Site "LSS email"]
[Date "2016.01.19"]
[Round "?"]
[White "Hynd, William"]
[Black "Vodicka, Milan"]
[Result "0-1"]
[WhiteElo "1075"]
[BlackElo "2072"]
[PlyCount "52"]
[EventDate "2016.01.13"]
[EventType "tourn (corr)"]
[EventRounds "4"]
[EventCountry "GER"]
[SourceTitle "Corr 2022"]
[Source "ChessBase"]
[SourceDate "2021.10.24"]
[SourceVersion "1"]
[SourceVersionDate "2021.10.24"]
[SourceQuality "1"]

1. e4 c5 2. Nf3 g6 3. d4 cxd4 4. Nxd4 Nc6 5. Nc3 Bg7 6. Be3 d6 7. Be2 Nf6 8. Qd2 Bd7 9. f3 0-0 10. 0-0-0 Nxd4 11. Bxd4 Qa5 12. g4 Rfc8 13. h4 b5 14. h5 b4 15. Nb1 Qa4 16. hxg6 hxg6 17. b3 Qxa2 18. Bc4 Be6 19. Qxb4 Bxc4 20. Nc3 a5 21. Qa4 Qxa4 22. bxa4 Rab8 23. Nd5 Bxd5 24. exd5 Nxd5 25. Bxg7 Ne3 26. Bd4 Rxc2# 0-1

[Event "OP-2016-0-03919"]
[Site "LSS email"]
[Date "2016.01.06"]
[Round "?"]
[White "Astroukh, Vitalij"]
[Black "Hynd, William"]
[Result "1-0"]
[WhiteElo "2351"]
[BlackElo "1081"]
[PlyCount "39"]
[EventDate "2016.01.02"]
[EventType "tourn (corr)"]
[EventRounds "4"]
[EventCountry "GER"]
[SourceTitle "Corr 2022"]
[Source "ChessBase"]
[SourceDate "2021.10.24"]
[SourceVersion "1"]
[SourceVersionDate "2021.10.24"]
[SourceQuality "1"]

1. e4 e5 2. Nf3 Nc6 3. d4 exd4 4. Nxd4 Bb4+ 5. c3 Ba5 6. Nxc6 bxc6 7. a4 a6 8. Nd2 d5 9. Bd3 Nf6 10. e5 Ng4 11. Nf3 0-0 12. h3 Nxe5 13. Nxe5 Re8 14. Bxh7+ Kf8 15. Qh5 Qe7 16. f4 f6 17. 0-0 Qc5+ 18. Kh1 fxe5 19. fxe5+ Ke7 20. Bg5+ 1-0

[Event "OP-2016-0-03919"]
[Site "LSS email"]
[Date "2016.01.06"]
[Round "?"]
[White "Hynd, William"]
[Black "Mudra, Oldrich"]
[Result "0-1"]
[WhiteElo "1081"]
[BlackElo "2116"]
[PlyCount "42"]
[EventDate "2016.01.02"]
[EventType "tourn (corr)"]
[EventRounds "4"]
[EventCountry "GER"]
[SourceTitle "Corr 2022"]
[Source "ChessBase"]
[SourceDate "2021.10.24"]
[SourceVersion "1"]
[SourceVersionDate "2021.10.24"]
[SourceQuality "1"]

1. c4 Nf6 2. Nc3 e6 3. Nf3 d5 4. cxd5 exd5 5. e3 Bd6 6. Be2 0-0 7. 0-0 h6 8. d3 Re8 9. Qc2 c6 10. b3 Bf5 11. Bb2 Nbd7 12. Rfe1 Rc8 13. Qd1 Qe7 14. e4 dxe4 15. dxe4 Bh7 16. Bc4 Ne5 17. Nd4 Bc5 18. Nf5 Bxf5 19. exf5 Bxf2+ 20. Kxf2 Neg4+ 21. Kg1 Qc5+ 0-1

[Event "OP-2015-0-03901"]
[Site "LSS email"]
[Date "2015.12.19"]
[Round "?"]
[White "Hynd, William"]
[Black "Heiser, Jerome"]
[Result "1-0"]
[WhiteElo "1102"]
[BlackElo "639"]
[PlyCount "71"]
[EventDate "2015.12.15"]
[EventType "tourn (corr)"]
[EventRounds "4"]
[EventCountry "GER"]
[SourceTitle "Corr 2022"]
[Source "ChessBase"]
[SourceDate "2021.10.24"]
[SourceVersion "1"]
[SourceVersionDate "2021.10.24"]
[SourceQuality "1"]

1. c4 e5 2. Nc3 Nc6 3. Nf3 Nf6 4. d4 e4 5. Ng5 Bb4 6. Qc2 Nxd4 7. Qa4 Bxc3+ 8. bxc3 0-0 9. cxd4 d5 10. cxd5 Qxd5 11. Qc2 c6 12. Bb2 Bf5 13. e3 b5 14. Ba3 Rfc8 15. Rc1 h6 16. Nh3 Bxh3 17. gxh3 a5 18. Be7 Nd7 19. Bg2 f6 20. Bxe4 Qe6 21. Ba3 b4 22. Bb2 Qxa2 23. Bxc6 b3 24. Bd5+ Kh8 25. Qxc8+ Rxc8 26. Rxc8+ Kh7 27. Bg8+ Kg6 28. Rg1+ Kf5 29. Bh7+ Ke6 30. Bg8+ Kf5 31. e4+ Kxe4 32. Rg4+ Kf5 33. Bh7+ Ke6 34. d5+ Kd6 35. Rc6+ Ke7 36. Rxg7+ 1-0

[Event "OP-2015-0-03901"]
[Site "LSS email"]
[Date "2015.12.19"]
[Round "?"]
[White "Osipov, Anatoly Vladimirovi"]
[Black "Hynd, William"]
[Result "1-0"]
[WhiteElo "2292"]
[BlackElo "1102"]
[PlyCount "57"]
[EventDate "2015.12.15"]
[EventType "tourn (corr)"]
[EventRounds "4"]
[EventCountry "GER"]
[SourceTitle "Corr 2022"]
[Source "ChessBase"]
[SourceDate "2021.10.24"]
[SourceVersion "1"]
[SourceVersionDate "2021.10.24"]
[SourceQuality "1"]

1. e4 d5 2. exd5 Nf6 3. d4 c5 4. dxc6 Nxc6 5. Bb5 Bd7 6. Nf3 e6 7. c3 Qb6 8. Bd3 Be7 9. 0-0 0-0 10. a4 Rfc8 11. Nbd2 Bd6 12. Nc4 Qc7 13. Nxd6 Qxd6 14. Bg5 Nd5 15. Re1 f6 16. Bh4 e5 17. dxe5 Nxe5 18. Bg3 Bg4 19. Bxe5 fxe5 20. c4 Bxf3 21. gxf3 Rd8 22. cxd5 Qxd5 23. Be4 Qa5 24. Qb3+ Kh8 25. Qf7 Rd2 26. Qf5 g6 27. Qf6+ Kg8 28. Bf5 gxf5 29. Kh1 1-0

[Event "IECC CL0-2015.00 email"]
[Site "IECC email"]
[Date "2015.11.03"]
[Round "?"]
[White "Hynd, William"]
[Black "Sanchez Blanque, Antonio"]
[Result "0-1"]
[WhiteElo "1167"]
[BlackElo "1196"]
[PlyCount "62"]
[EventDate "2015.10.20"]
[EventType "tourn (corr)"]
[EventRounds "4"]
[SourceTitle "Corr 2022"]
[Source "ChessBase"]
[SourceDate "2021.10.24"]
[SourceVersion "1"]
[SourceVersionDate "2021.10.24"]
[SourceQuality "1"]

1. e4 e5 2. Nf3 Nf6 3. Nc3 Bb4 4. Bc4 Bxc3 5. bxc3 Nxe4 6. Qe2 d5 7. Bb3 0-0 8. Nxe5 Re8 9. 0-0 Rxe5 10. f3 Rg5 11. fxe4 Bh3 12. Rf2 c6 13. d4 Rg6 14. Qf3 Be6 15. e5 Nd7 16. Bd2 f6 17. h4 fxe5 18. Bg5 Qf8 19. Qh5 Nf6 20. Qe2 e4 21. Raf1 Bg4 22. Qe3 h6 23. Bxf6 gxf6 24. Qxe4 f5 25. Qf4 Bh3 26. c4 Qg7 27. Qf3 Rg3 28. Qe2 Kh7 29. Kh2 Rg8 30. Rg1 Qxd4 31. cxd5 Qxh4 0-1

[Event "OP-2015-0-03857"]
[Site "LSS email"]
[Date "2015.11.03"]
[Round "?"]
[White "Lombardi, Donato"]
[Black "Hynd, William"]
[Result "1/2-1/2"]
[WhiteElo "826"]
[BlackElo "1172"]
[PlyCount "74"]
[EventDate "2015.10.27"]
[EventType "tourn (corr)"]
[EventRounds "4"]
[EventCountry "GER"]
[SourceTitle "Corr 2022"]
[Source "ChessBase"]
[SourceDate "2021.10.24"]
[SourceVersion "1"]
[SourceVersionDate "2021.10.24"]
[SourceQuality "1"]

1. e4 e6 2. d4 d5 3. exd5 exd5 4. Bd3 Nf6 5. Nf3 Bg4 6. 0-0 Nbd7 7. Re1+ Be7 8. Bg5 0-0 9. c3 c6 10. Nbd2 h6 11. Bh4 Re8 12. Qc2 Bd6 13. Bg3 Bxg3 14. hxg3 Qc7 15. Bf5 Bxf5 16. Qxf5 Rad8 17. Rxe8+ Rxe8 18. Re1 Rxe1+ 19. Nxe1 Nf8 20. Nd3 Ng6 21. Nf4 Qe7 22. Nxg6 fxg6 23. Qxg6 Qe1+ 24. Nf1 Kh8 25. Qd3 Ne4 26. Qe3 Qa1 27. Qe2 Qxa2 28. f3 Nf6 29. Qe7 Qxb2 30. Ne3 a5 31. Kh2 Qb1 32. Ng4 Nxg4+ 33. fxg4 a4 34. Qa3 Qc2 35. Qb4 Kh7 36. Qxb7 Qxc3 37. Qb1+ Kh8 1/2-1/2

[Event "IECC CL0-2015.00 email"]
[Site "IECC email"]
[Date "2015.11.02"]
[Round "?"]
[White "Lenz, Juergen"]
[Black "Hynd, William"]
[Result "1-0"]
[WhiteElo "1093"]
[BlackElo "1167"]
[PlyCount "91"]
[EventDate "2015.10.20"]
[EventType "tourn (corr)"]
[EventRounds "4"]
[SourceTitle "Corr 2022"]
[Source "ChessBase"]
[SourceDate "2021.10.24"]
[SourceVersion "1"]
[SourceVersionDate "2021.10.24"]
[SourceQuality "1"]

1. d4 Nf6 2. Bf4 e6 3. e3 b6 4. Nf3 Bb7 5. Be2 g6 6. h3 Bg7 7. 0-0 0-0 8. a4 Nc6 9. c3 d6 10. Nbd2 Re8 11. Nc4 Ne7 12. a5 Ned5 13. Bh2 Nd7 14. a6 Bc6 15. e4 Ne7 16. Bd3 d5 17. Ncd2 Nc8 18. e5 f6 19. exf6 Bxf6 20. Qc2 Nd6 21. Ne5 Nb8 22. Bxg6 hxg6 23. Qxg6+ Bg7 24. Ndf3 Re7 25. Ng5 Be8 26. Qh7+ Kf8 27. Ng6+ Bxg6 28. Qxg6 Qe8 29. Qd3 Nd7 30. Rae1 Rc8 31. f4 Nf6 32. f5 Nde4 33. h4 Kg8 34. Nxe6 Qh5 35. Be5 Qxh4 36. Re3 c5 37. Rh3 Qg4 38. Rf4 c4 39. Qf1 Nd2 40. Qf2 Qd1+ 41. Kh2 Nfe4 42. Qh4 Nf1+ 43. Rxf1 Qxf1 44. Qxe7 Bxe5+ 45. dxe5 Qf4+ 46. Nxf4 1-0

[Event "ZL-2015-0-01759"]
[Site "LSS email"]
[Date "2015.10.27"]
[Round "?"]
[White "Lenz, Juergen"]
[Black "Hynd, William"]
[Result "0-1"]
[WhiteElo "1093"]
[BlackElo "1167"]
[PlyCount "26"]
[EventDate "2015.10.18"]
[EventType "match (corr)"]
[EventRounds "2"]
[EventCountry "GER"]
[SourceTitle "Corr 2022"]
[Source "ChessBase"]
[SourceDate "2021.10.24"]
[SourceVersion "1"]
[SourceVersionDate "2021.10.24"]
[SourceQuality "1"]

1. d4 Nf6 2. g4 d5 3. g5 Nfd7 4. Bg2 e6 5. h4 c5 6. Nf3 Nc6 7. Bf4 Qb6 8. dxc5 Bxc5 9. 0-0 Qxb2 10. Nbd2 Nb4 11. c4 Nxa2 12. Qa4 Nc3 13. Qa5 b6 0-1

[Event "OP-2015-0-03804"]
[Site "LSS email"]
[Date "2015.08.31"]
[Round "?"]
[White "Hynd, William"]
[Black "Narkun, Michal"]
[Result "0-1"]
[WhiteElo "1216"]
[BlackElo "2413"]
[PlyCount "34"]
[EventDate "2015.08.25"]
[EventType "tourn (corr)"]
[EventRounds "4"]
[EventCountry "GER"]
[SourceTitle "Corr 2022"]
[Source "ChessBase"]
[SourceDate "2021.10.24"]
[SourceVersion "1"]
[SourceVersionDate "2021.10.24"]
[SourceQuality "1"]

1. e4 e6 2. d4 d5 3. Nc3 Nf6 4. Bg5 Be7 5. e5 Nfd7 6. Bxe7 Qxe7 7. Qg4 f6 8. f4 c5 9. Nb5 0-0 10. Nc7 Nxe5 11. fxe5 Qxc7 12. Bd3 fxe5 13. Qh4 e4 14. Be2 Qa5+ 15. c3 cxd4 16. Nh3 dxc3 17. Ng5 c2+ 0-1

[Event "ZL-2015-0-01725"]
[Site "LSS email"]
[Date "2015.08.21"]
[Round "?"]
[White "Shim Ng Min, Francis"]
[Black "Hynd, William"]
[Result "1-0"]
[WhiteElo "1260"]
[BlackElo "1247"]
[PlyCount "39"]
[EventDate "2015.08.14"]
[EventType "match (corr)"]
[EventRounds "2"]
[EventCountry "GER"]
[SourceTitle "Corr 2022"]
[Source "ChessBase"]
[SourceDate "2021.10.24"]
[SourceVersion "1"]
[SourceVersionDate "2021.10.24"]
[SourceQuality "1"]

1. e4 d5 2. exd5 Qxd5 3. Nc3 Qd6 4. d4 Nf6 5. Nf3 Bg4 6. Be2 e6 7. 0-0 Be7 8. Nb5 Qd8 9. Bf4 c6 10. Nc7+ Kf8 11. Nxa8 Bd6 12. Bxd6+ Qxd6 13. c3 Nbd7 14. Qa4 Qb8 15. Nc7 Qxc7 16. Qxa7 Ke7 17. Qa3+ Qd6 18. Qxd6+ Kxd6 19. Rfe1 h6 20. Ne5 1-0

[Event "ZL-2015-0-01713"]
[Site "LSS email"]
[Date "2015.08.07"]
[Round "?"]
[White "Hynd, William"]
[Black "Shim Ng Min, Francis"]
[Result "0-1"]
[WhiteElo "1245"]
[BlackElo "1161"]
[PlyCount "98"]
[EventDate "2015.07.28"]
[EventType "match (corr)"]
[EventRounds "2"]
[EventCountry "GER"]
[SourceTitle "Corr 2022"]
[Source "ChessBase"]
[SourceDate "2021.10.24"]
[SourceVersion "1"]
[SourceVersionDate "2021.10.24"]
[SourceQuality "1"]

1. e4 c5 2. g3 e5 3. Bg2 Nf6 4. Nc3 Be7 5. Nf3 d6 6. 0-0 0-0 7. d3 Nc6 8. Bd2 h6 9. Ne2 Be6 10. c3 Qd7 11. Ne1 Bh3 12. f4 exf4 13. Nxf4 Bxg2 14. Kxg2 Ne5 15. Be3 Nfg4 16. Bc1 b5 17. d4 cxd4 18. cxd4 Nc4 19. Qf3 Rac8 20. b3 Nb6 21. h3 Nf6 22. Bb2 d5 23. exd5 Nbxd5 24. Rf2 Nxf4+ 25. Qxf4 Nd5 26. Qf3 Bf6 27. Nd3 Rfe8 28. Ne5 Bxe5 29. dxe5 a6 30. Rd1 Ne3+ 31. Qxe3 Qxd1 32. Qa7 Qd5+ 33. Kh2 Ra8 34. Qc7 a5 35. Qc3 Qe6 36. Qf3 a4 37. Rd2 Red8 38. Rd6 Qc8 39. Rxd8+ Qxd8 40. Bd4 Rc8 41. Qe4 Qc7 42. Qg4 Qc2+ 43. Kh1 Qb1+ 44. Bg1 Rc1 45. Qd4 Rd1 46. Qa7 Qe4+ 47. Kh2 Rd2+ 48. Bf2 Qf3 49. Kg1 Rd1+ 0-1

[Event "OP-2015-0-03781"]
[Site "LSS email"]
[Date "2015.08.06"]
[Round "?"]
[White "Bieszk, Stanislaw"]
[Black "Hynd, William"]
[Result "0-1"]
[WhiteElo "833"]
[BlackElo "1257"]
[PlyCount "38"]
[EventDate "2015.07.27"]
[EventType "tourn (corr)"]
[EventRounds "4"]
[EventCountry "GER"]
[SourceTitle "Corr 2022"]
[Source "ChessBase"]
[SourceDate "2021.10.24"]
[SourceVersion "1"]
[SourceVersionDate "2021.10.24"]
[SourceQuality "1"]

1. d4 d5 2. Nf3 Nf6 3. e3 e6 4. c4 c5 5. a3 Nc6 6. Nc3 Be7 7. cxd5 exd5 8. Bb5 0-0 9. Bxc6 bxc6 10. 0-0 Bg4 11. dxc5 Bxc5 12. b4 Bd6 13. Bb2 Qc7 14. h3 Bh5 15. Rc1 Qd7 16. g4 Nxg4 17. hxg4 Qxg4+ 18. Kh1 Qh3+ 19. Kg1 Bxf3 0-1

[Event "OP-2015-0-03781"]
[Site "LSS email"]
[Date "2015.07.31"]
[Round "?"]
[White "Amuso, Jose Alberto"]
[Black "Hynd, William"]
[Result "1/2-1/2"]
[WhiteElo "851"]
[BlackElo "1257"]
[PlyCount "68"]
[EventDate "2015.07.27"]
[EventType "tourn (corr)"]
[EventRounds "4"]
[EventCountry "GER"]
[SourceTitle "Corr 2022"]
[Source "ChessBase"]
[SourceDate "2021.10.24"]
[SourceVersion "1"]
[SourceVersionDate "2021.10.24"]
[SourceQuality "1"]

1. Nf3 Nf6 2. Nc3 d5 3. e3 c5 4. Be2 Nc6 5. Bb5 Bd7 6. d4 e6 7. 0-0 Be7 8. dxc5 Bxc5 9. Bd2 0-0 10. a3 a6 11. Bd3 b5 12. b4 Bd6 13. e4 dxe4 14. Nxe4 Nxe4 15. Bxe4 Rc8 16. Be3 Qc7 17. g3 Rfd8 18. Ng5 f5 19. Bxc6 Qxc6 20. Qh5 h6 21. Qf7+ Kh8 22. Nxe6 Bxe6 23. Qxe6 Qe8 24. Qxf5 Rc7 25. Ra2 Rf7 26. Qh3 Qc6 27. Bxh6 gxh6 28. Qxh6+ Rh7 29. Qf6+ Kg8 30. Qg6+ Rg7 31. Qe6+ Rf7 32. Qg6+ Rg7 33. Qe6+ Rf7 34. Qg6+ Rg7 1/2-1/2